Normal view
MARC view
Entry Personal Name
001 - CONTROL NUMBER
- control field: 37481
003 - CONTROL NUMBER IDENTIFIER
- control field: ARRUPE
005 - DATE AND TIME OF LATEST TRANSACTION
- control field: 20171109123614.0
008 - FIXED-LENGTH DATA ELEMENTS
- fixed length control field: 171109|| aca||aabn | a|a d
040 ## - CATALOGING SOURCE
- Original cataloging agency: ARRUPE
- Transcribing agency: ARRUPE
100 ## - HEADING--PERSONAL NAME
- Personal name: Smith, W. Daniel
- Relator term: ed.
670 ## - SOURCE DATA FOUND
- Source citation: Work cat.: (ARRUPE): The cambridge companion to Deleuze, 2012